| 000 | 00683cam a2200253 4500500 | ||
|---|---|---|---|
| 005 | 20260405002111.0 | ||
| 041 | _afre | ||
| 042 | _adc | ||
| 100 | 1 | 0 |
_aLecourt, Dominique _eauthor |
| 245 | 0 | 0 | _aLe parti de soi |
| 260 | _c2015. | ||
| 500 | _a19 | ||
| 690 | _aAltruisme | ||
| 690 | _aAutonomie | ||
| 690 | _aAyn Rand | ||
| 690 | _aÉgoïsme | ||
| 690 | _aÉtats-Unis | ||
| 690 | _aHéros | ||
| 690 | _aLibertarisme | ||
| 690 | _aObjectivisme | ||
| 690 | _aThalys | ||
| 786 | 0 | _nPhilosophie magazine | 94 | 11 | 2015-11-01 | p. 47-48 | 1951-1787 | |
| 856 | 4 | 1 | _uhttps://shs.cairn.info/magazine-philosophie-magazine-2015-11-page-47?lang=fr&redirect-ssocas=7080 |
| 999 |
_c2054248 _d2054248 |
||